Countries Anthony Bourdaine Visited - Statistics

General Stats
  • This quiz has been taken 109 times
  • The average score is 53 of 67
Answer Stats
Continent Country % Correct
South America Brazil
94%
North America United States of America
94%
North America Canada
93%
Asia Japan
93%
North America Mexico
93%
South America Argentina
91%
Oceania Australia
91%
Asia China
91%
Europe France
91%
Europe United Kingdom
91%
South America Chile
89%
South America Peru
89%
Europe Sweden
89%
North America Dominican Republic
87%
Europe Germany
87%
Europe Ireland
87%
Europe Portugal
87%
Europe Spain
87%
North America Cuba
85%
Africa Egypt
85%
Europe Italy
85%
North America Jamaica
85%
North America Panama
85%
Asia/ Europe Russia
85%
Europe Greece
83%
North America Haiti
83%
Asia India
83%
Oceania New Zealand
83%
Asia South Korea
83%
Asia/ Europe Turkey
83%
Asia Vietnam
83%
Asia Armenia
81%
Asia Indonesia
81%
Asia Philippines
81%
Europe Hungary
80%
Asia Lebanon
80%
Asia Malaysia
80%
Asia Thailand
80%
Europe Ukraine
80%
Europe Austria
78%
Asia Iraq
78%
Asia Laos
78%
Africa Morocco
78%
Asia Cambodia
76%
South America Ecuador
76%
Europe Finland
76%
Africa Nigeria
76%
Asia Taiwan
76%
South America Uruguay
76%
Europe Czech Republic
74%
Africa Ethiopia
74%
Africa Ghana
74%
Europe Iceland
74%
Europe Croatia
72%
Africa Libya
72%
Europe Romania
72%
Asia Singapore
72%
Asia United Arab Emirates
70%
North America Nicaragua
69%
Africa Liberia
67%
Africa Namibia
65%
Asia Sri Lanka
65%
Africa Mozambique
63%
Asia Saudi Arabia
59%
Africa Senegal
59%
Asia Uzbekistan
57%
North America Saint Vincent and the Grenadines
48%
No matching quizzes found
Score Distribution
Percent of People with Each Score
Percentile by Number Answered
Your Score History
You have not taken this quiz